Follow That Line: How I Met Your Mother Quiz Stats

 Plays Quiz Updated Jun 30, 2015

Support Sporcle.
Go Orange.
Score 0/20 Timer 06:00
3 Plays Today
% Correct
I'd say that too if I had those little chicken legs.
88.7%
Whatever. He was just a stupidhead.
84.3%
So was my grandfather, but he's not that interesting either.
83.5%
Why are you guys even a country?
81.2%
Not if Prince is on tour.
79.6%
He was a little bit way into black guys.
79.4%
Your cops are called Mounties.
79.1%
That's 'cause you need protein.
79%
Wow. That's hauntingly beautiful.
77.6%
You know, in a totally evolved, 21st century kind of way, yeah, a little.
76.6%
% Correct
I'm sorry. Is this a discussion about the degree to which you stabbed me?
74.9%
British words are cool. Also their lawyers wear wigs. I wore a wig at work once and they laughed at me.
74.8%
Hey, ain't no thing but a chicken wing, mamacita! ...Who am I?
71.5%
What's the opposite of name-dropping?
69.8%
Hey Marshmallow, don't forget to pack my night-night tape.
69.7%
Are we playing 'I never'? Because there's nothing left but peach schnapps.
68.7%
In Canada that's called a Sneaky Snowplow.
66.4%
That Kenny G. CD just flew off the shelf!
65.9%
We don't have to build a baseball field, do we?
62.3%
And I signed an abstinence pledge in high school, and it's totally cool. Also, stay away from drugs... except pot.
53.4%

You're not logged in!

Compare scores with friends on all Sporcle quizzes.
OR
Log In
Forgot?

From the Vault

Simpsons: Click a Food II

by Pushcake

Sometimes we worry about the diets of these characters.
Remove Ads.
Support Sporcle.
Get the best of Sporcle when you Go Orange. This ad-free experience offers more features, more stats, and more fun while also helping to support Sporcle. Thank you for becoming a member.

Show Comments

Extras

Top Quizzes Today


Score Distribution

Your Account Isn't Verified!

In order to create a playlist on Sporcle, you need to verify the email address you used during registration. Go to your Sporcle Settings to finish the process.

Report this User

Report this user for behavior that violates our Community Guidelines.

Details: